Stephen Curry Quiz - Statistics

General Stats
  • This quiz has been taken 1,830 times
  • The average score is 9 of 12
Answer Stats
Hint Answer % Correct
Number he wears 30
98%
Team he plays for Golden State Warriors
97%
Draft Year 2009
88%
College he attended Davidson
88%
First Name Wardell
85%
Fathers Name Dell
81%
Brothers Name Seth
81%
City he was born( Hint: Lebron James) Akron
77%
MVP Year 2015
76%
Birth Year 1988
74%
Sisters Name Sydel
28%
Record he broke in 2013 and 2015 Number of 3 Pointers in the Regular Season
27%
No matching quizzes found
Score Distribution
Percent of People with Each Score
Percentile by Number Answered
Your Score History
You have not taken this quiz